000 00522nam a2200169Ia 4500
008 240428s9999||||xx |||||||||||||| ||und||
020 _a9780313306815
041 _aeng
082 _a364.4B
100 _aBarak, Cregg (ed)
245 0 _aCrime and crime control : a global view
260 _bGreenwood Press
_aLondon
_c2000
300 _axxiii,262P: tabs.,
650 _aCriminology- cross cultural studies - Crime control- Cross cultural studies - Crime Prevention- Cross culture studies
942 _cBK
999 _c391
_d391